000 00261nam a2200109Ia 4500
008 230907s9999||||xx |||||||||||||| ||und||
082 _a6.76
_bDEI
245 0 _aAndroid how to program /
260 _aPearson,
_bEngland :
_c2015
300 _a728 p.
942 _cBK
999 _c600407
_d600407